Flaggen aller NATO-Mitglieder - Sudden Death - Statistiken

Allgemein
  • Dieses Quiz wurde 92 mal gespielt
  • Das Durchschnittsergebnis liegt bei 12 aus 32
Answers on the Grid
Answers color-coded by a green-red scale on the quiz's grid according to % correct below.
 
Antwortstatistiken
Antwort % Korrekt
71%
58%
55%
53%
51%
47%
47%
45%
45%
44%
44%
44%
42%
42%
38%
36%
36%
36%
35%
31%
29%
27%
27%
27%
27%
25%
25%
22%
18%
16%
15%
15%
Keine übereinstimmenden Quizze gefunden
Verteilung der Resultate
Anzahl Personen mit jedem Resultat
Perzentil nach korrekt beantworteten Fragen
Ihre Resultats-Entwicklung
Sie haben dieses Quiz noch nicht gespielt